| 000 | 00735nam a2200241Ia 4500 | ||
|---|---|---|---|
| 005 | 20250425162448.0 | ||
| 008 | 250425s9999 xx 000 0 und d | ||
| 041 | _aspa | ||
| 043 | _aec | ||
| 082 | _a341.02636 | ||
| 100 | _aCORPORACION, DE ESTUDIOS Y PUBLICACIONES | ||
| 245 | 0 | _aLEY ORGANICA DE REGIMEN TRIBUTARIO INTERNO: LEGISLACION CONEXA, CONCORDANCIAS | |
| 250 | _a1A ED. | ||
| 260 |
_aEcuador _bCORPORACION DE ESTUDIOS Y PUBLICACIONES _c2010 |
||
| 260 |
_aQUITO _bCORPORACION DE ESTUDIOS Y PUBLICACIONES |
||
| 300 | _a130 | ||
| 500 | _aTOMO 1 ACTUALIZADA A AGOSTO DEL 2010 | ||
| 650 | _aLEYES | ||
| 650 | _aTRIBUTACION | ||
| 710 | _aCORPORACION DE ESTUDIOS Y PUBLICACIONES | ||
| 942 | _c01 | ||
| 010 | _a75625 | ||
| 999 |
_c229718 _d229718 |
||